| 000 | 00708nam a2200229Ia 4500 | ||
|---|---|---|---|
| 003 | OSt | ||
| 005 | 20220918173756.0 | ||
| 006 | a|||||r|||| 00| 0 | ||
| 007 | ta | ||
| 008 | 220917b |||||||| |||| 00| 0 eng d | ||
| 024 | _a8,254 | ||
| 037 | _cTextual | ||
| 040 |
_aARTS _cARTS _beng |
||
| 041 |
_2eng _aeng |
||
| 082 | _a236(E), p7K0 (2D) | ||
| 100 | _aRanganathan S R ed | ||
| 245 | 0 |
_aSocial science research and libraries _b pa[pers and summary proceedings of the library seminar on sersarch in the social science New Delhi 2-4 Jan 1959 |
|
| 260 | _c1960 | ||
| 650 | _aLIBRARY SCIENCE | ||
| 942 |
_h236(E), p7K0 (2D) _cTEXL _2CC |
||
| 999 |
_c150044 _d150044 |
||